Online katalóg knižníc regiónu Turca

Vášnivá milenka (Record no. 22312)

MARC details
000 -LEADER
fixed length control field 01763cam a2200493 a 4500
001 - CONTROL NUMBER
control field 22312
003 - CONTROL NUMBER IDENTIFIER
control field VRT
005 - DATE AND TIME OF LATEST TRANSACTION
control field 20260326090426.0
008 - FIXED-LENGTH DATA ELEMENTS--GENERAL INFORMATION
fixed length control field 240313s2011 xo g 000 f slo
015 ## - NATIONAL BIBLIOGRAPHY NUMBER
National bibliography number SNBA2011/10-05458
020 ## - INTERNATIONAL STANDARD BOOK NUMBER
International Standard Book Number 9788022015615
Qualifying information (viaz.)
035 ## - SYSTEM CONTROL NUMBER
System control number 156FC334-063B-423F-AA8C-0BD110526DE0
035 ## - SYSTEM CONTROL NUMBER
System control number urn:nbn:sk:snk-amjhzc
035 ## - SYSTEM CONTROL NUMBER
System control number urn:nbn:sk:snk-am001z5y
039 #9 - LEVEL OF BIBLIOGRAPHIC CONTROL AND CODING DETAIL [OBSOLETE]
Level of rules in bibliographic description 202406241240
Level of effort used to assign nonsubject heading access points msnk181
Level of effort used to assign subject headings 202403131714
Level of effort used to assign classification VLOAD
Level of effort used to assign subject headings 202401221436
Level of effort used to assign classification msnk170
Level of effort used to assign subject headings 202202271108
Level of effort used to assign classification AUTHORITY
040 ## - CATALOGING SOURCE
Original cataloging agency SVKBB
Language of cataloging slo
Transcribing agency SVKBB
Modifying agency SNK
Description conventions AACR2
041 1# - LANGUAGE CODE
Language code of text/sound track or separate title slo
Language code of original eng
044 ## - COUNTRY OF PUBLISHING/PRODUCING ENTITY CODE
MARC country code xo
ISO country code SK
072 #7 - SUBJECT CATEGORY CODE
Subject category code 821.111(73)-3
Subject category code subdivision Americká próza
Source konspekt
080 ## - UNIVERSAL DECIMAL CLASSIFICATION NUMBER
Universal Decimal Classification number 821.111(73)-31
Edition identifier 2001
080 ## - UNIVERSAL DECIMAL CLASSIFICATION NUMBER
Universal Decimal Classification number (0:82-311.6)
Edition identifier 2001
080 ## - UNIVERSAL DECIMAL CLASSIFICATION NUMBER
Universal Decimal Classification number (0:82-312.5)
Edition identifier 2001
100 1# - MAIN ENTRY--PERSONAL NAME
Personal name Warren, Tracy Anne
Relationship aut
240 10 - UNIFORM TITLE
Uniform title His favorite mistress
Language of a work Slovensky
245 10 - TITLE STATEMENT
Title Vášnivá milenka
Statement of responsibility, etc. Tracy Anne Warrenová ; [z anglického originálu preložila Miroslava Staszová]
250 ## - EDITION STATEMENT
Edition statement [1. vyd.]
260 ## - PUBLICATION, DISTRIBUTION, ETC.
Place of publication, distribution, etc. Bratislava
Name of publisher, distributor, etc. Slovenský spisovateľ
Date of publication, distribution, etc. 2011
300 ## - PHYSICAL DESCRIPTION
Extent 279 s.
Dimensions 21 cm
655 #7 - INDEX TERM--GENRE/FORM
Genre/form data or focus term americké romány
Source of term SNKPH
655 #7 - INDEX TERM--GENRE/FORM
Genre/form data or focus term historické romány
Source of term SNKPH
655 #7 - INDEX TERM--GENRE/FORM
Genre/form data or focus term ľúbostné romány
Source of term SNKPH
655 #7 - INDEX TERM--GENRE/FORM
Genre/form data or focus term American fiction
Source of term SNKPHeng
655 #7 - INDEX TERM--GENRE/FORM
Genre/form data or focus term Historical novels
Source of term SNKPHeng
655 #7 - INDEX TERM--GENRE/FORM
Genre/form data or focus term Love novels
Source of term SNKPHeng
700 1# - ADDED ENTRY--PERSONAL NAME
Personal name Staszová, Miroslava,
Dates associated with a name 1952-
Relationship trl
910 ## - USER-OPTION DATA (OCLC)
User-option data bpksh
942 ## - ADDED ENTRY ELEMENTS (KOHA)
Source of classification or shelving scheme Dewey Decimal Classification
Koha item type Krásna literatúra pre dospelých
Suppress in OPAC No
949 ## - LOCAL PROCESSING INFORMATION (OCLC)
6 270001000383314
a svkbbA 131557
b svkbbm 718747
949 ## - LOCAL PROCESSING INFORMATION (OCLC)
6 17A0716302
a snkSC 146466
b snk2011/17349
o 1401/11
949 ## - LOCAL PROCESSING INFORMATION (OCLC)
6 17A0720477
a snkSC 146466 D1
b snk2011/21081
o 1401/11
949 ## - LOCAL PROCESSING INFORMATION (OCLC)
6 3869A12827
a bpksh821.111(73)-31
b bpksh67076
980 ## - EQUIVALENCE OR CROSS-REFERENCE-SERIES STATEMENT--PERSONAL NAME/TITLE [LOCAL, CANADA]
Personal name 821.111(73)-31
Holdings
Stav vyradenia Strata Poškodenie Spôsob nadobudnutia Domovská knižnica Aktuálna knižnica Dátum nadobudnutia Total checkouts Čiarový kód exemplára Date last seen Typ exemplára
      Dar Obecná knižnica Turčianska Štiavnička Obecná knižnica Turčianska Štiavnička 26.03.2026   4738000732 26.03.2026 Krásna literatúra pre dospelých
Projekt je podporený Slovenskou asociáciou knižníc
Prevádzkuje Turčianska knižnica Martin 2026